Central Library OPAC University of Rajshahi

Les châtiments / (Record no. 22878)

MARC details
000 -LEADER
fixed length control field 00852cam a2200289 a 4500
001 - CONTROL NUMBER
control field 22878
003 - CONTROL NUMBER IDENTIFIER
rucl marc code BD-RjUL
005 - DATE AND TIME OF LATEST TRANSACTION
control field 20211209000850.0
008 - FIXED-LENGTH DATA ELEMENTS--GENERAL INFORMATION
fixed length control field 140309s1953 fr 001 1 fre u
020 ## - INTERNATIONAL STANDARD BOOK NUMBER
Canceled/invalid ISBN F7
035 ## - SYSTEM CONTROL NUMBER
System control number (BD-RjUL)22943
040 ## - CATALOGING SOURCE
Original cataloging agency DLC
Transcribing agency DLC
Modifying agency m.c
-- BD-RjUL
Language of cataloging eng
041 ## - LANGUAGE CODE
Language code of text/sound track or separate title eng
082 ## - DEWEY DECIMAL CLASSIFICATION NUMBER
Classification number 841.7
Author mark and year HUL V-2 1952
099 ## - LOCAL FREE-TEXT CALL NUMBER (OCLC)
Bangla Class number *ML FX.HUG5 - 5CHA - H3
100 1# - MAIN ENTRY--PERSONAL NAME
Personal name Hugo, Victor,
Dates associated with a name 1802-1885.
9 (RLIN) 70543
245 14 - TITLE STATEMENT
Title Les châtiments /
Statement of responsibility, etc. Victor Hugo.
Number of part/section of a work VOLUME TWO
260 ## - PUBLICATION, DISTRIBUTION, ETC. (IMPRINT)
Place of publication, distribution, etc. LONDON :
Name of publisher, distributor, etc. J.M. DENT & SONS,
Date of publication, distribution, etc. 1953.
300 ## - PHYSICAL DESCRIPTION
Pagination 724 p. ;
Size 17 cm
490 1# - SERIES STATEMENT
Series statement Classiques d'aujourd'hui (Livre de poche (Firm)) ;
Volume/sequential designation 1378
700 1# - ADDED ENTRY--PERSONAL NAME
Personal name Rosa, Guy.
830 #0 - SERIES ADDED ENTRY--UNIFORM TITLE
Volume number/sequential designation 1378
830 #0 - SERIES ADDED ENTRY--UNIFORM TITLE
Uniform title Classiques d'aujourd'hui (Livre de poche (Firm)) ;
942 ## - ADDED ENTRY ELEMENTS (KOHA)
Source of classification or shelving scheme Dewey Decimal Classification
Koha item type Books
Holdings
Lost status Source of classification or shelving scheme Damaged status Not for loan Collection code Permanent Location Current Location Shelving location Date acquired Source of acquisition Cost, normal purchase price Total Checkouts Full call number Date last seen Copy number Koha item type
  Dewey Decimal Classification   Added to bundle Fiction Central Library, University of Rajshahi Central Library, University of Rajshahi Reading Room 27/03/1955 B.H.Blackwell 55.20   841.7 HUL V-2 1952 09/03/2014 C-1 Books